| 000 | 00954nam a2200265 a 4500 | ||
|---|---|---|---|
| 001 | BRCA_7512 | ||
| 005 | 20190320205852.0 | ||
| 008 | 090513s1917----gw-a######---#000-0#ger-# | ||
| 041 | _ager | ||
| 044 | _agw | ||
| 050 | 4 |
_aN6450 _b.B87 1917 |
|
| 100 | 1 |
_aBurger, Fritz _918525 |
|
| 245 | 1 | 0 |
_aDie kunst des 19. und 20. jahrhunderts _b[parte] I. einfuhrung in die moderne kunst _cvon Fritz Burger, Georg Swarzenski & August Grisebach ; herausgegeben von A. E. Brinckmann. |
| 260 |
_aAlemania _bAkademische Verlagsgesellschaft Athenaion _c1917 |
||
| 300 |
_a136 p. _bil. (algunas a color), 6 láminas _c29 cm. |
||
| 440 | 0 |
_aHandbuch der Kunstwissenschaft _918526 |
|
| 500 | _aEjemplar divido en dos partes | ||
| 500 | _aR53 | ||
| 650 | 1 | 4 |
_aArte moderno _ySiglo XIX-XX _91532 |
| 700 | 1 |
_aSwarzenski, Georg _ecoaut. _918527 |
|
| 700 | 1 |
_aGrisebach, August _ecoaut. _918528 |
|
| 700 | 1 |
_aBrinckmann, A. E. _eed. _918529 |
|
| 902 | _aGFM | ||
| 942 |
_2lcc _cB |
||
| 999 |
_c7186 _d7186 |
||